000 nam a22 7a 4500
999 _c126532
_d126532
008 170725b xxu||||| |||| 00| 0 eng d
050 _aHC253.L266
100 _aLane,Peter
_933484
245 _aBritish Social and Economic History fro 1760 to the present day
_c/ Peter Lane
260 _aOxford
_bOxford University Press
_c1979
300 _a313p. ;
_c25cm.
650 _aGreat Britain
_xEconomic conditions
_915443
650 _aGreat Britain
_vSocial conditions
_933485
942 _2lcc
_cMONOGRAPH